Fitness Leader's Handbook / Second Edition (Record no. 5303)
[ view plain ]
| 000 -LEADER | |
|---|---|
| fixed length control field | 01404cam a22002174a 4500 |
| 005 - ΗΜΕΡΟΜΗΝΙΑ ΚΑΙ ΩΡΑ ΤΕΛΕΥΤΑΙΑΣ ΕΝΗΜΕΡΩΣΗΣ | |
| Πεδίο ελέγχου | 20250605164209.0 |
| 008 - FIXED-LENGTH DATA ELEMENTS--GENERAL INFORMATION | |
| Πεδίο ελέγχου σταθερού μήκους | 250528s ||||||||||||||||||||||||d |
| 035 ## - SYSTEM CONTROL NUMBER | |
| System control number | 20164 |
| 020 ## - ISBN | |
| ISBN | 880116544 |
| 040 ## - ΠΗΓΗ ΚΑΤΑΛΟΓΟΓΡΑΦΗΣΗΣ | |
| Φορέας πρωτότυπης καταλογογράφησης | MC Athens Campus Library |
| Γλώσσα καταλογογράφησης | Ελληνικά, Μοντέρνα (1453-) |
| Modifying agency | MC Athens Campus Library |
| Κανόνες περιγραφικής καταλογογράφησης | AACR2 |
| 245 1# - ΤΙΤΛΟΣ ΚΑΙ ΔΗΛΩΣΗ ΥΠΕΥΘΥΝΟΤΗΤΑΣ | |
| Τίτλος | Fitness Leader's Handbook / Second Edition |
| 250 ## - EDITION STATEMENT | |
| Edition statement | 2nd |
| 260 ## - PUBLICATION, DISTRIBUTION, ETC. | |
| Name of publisher, distributor, etc. | Human Kinetics, |
| Date of publication, distribution, etc. | 1989 |
| 300 ## - PHYSICAL DESCRIPTION | |
| Extent | 258 |
| 520 ## - SUMMARY, ETC. | |
| Summary, etc. | This book is an ideal reference for anyone charged with the task of leading a fitness class. Preface, Acknowledgements, Bases for Fitness Programs, Fitness, Fitness Program, Who Should Be in a Fitness Program?, Health Status, Screening, Fitness Components, Desired Weight, Health Nutrition Plans, Desired Aerobic Fitness, Muscular Strength and Endurance, Flexibility, Preventing Low-Back Problems, Coping with Stress, The Fitness Program, Recommendations for Physical Activity, Fitness Activities, Measuring Energy Expenditure, Behavior Modification, Scientific Foundations, Basic Exercise Science, Measurement and Evaluation, Safe and Effective Programs, Preventing and Treating Injuries, Special Personal Conditions, Environmental Problems, Program Organization, Human Relations, Appendix: Recommended Dietary Allowances and Intakes, Definitions, Bibliography, Credits, Index. |
| 700 1# - ΠΡΟΣΘΕΤΗ ΑΝΑΓΡΑΦΗ--ΦΥΣΙΚΟ ΠΡΟΣΩΠΟ | |
| Personal name | Franks B. Don |
| 9 (RLIN) | 6177 |
| 700 1# - ΠΡΟΣΘΕΤΗ ΑΝΑΓΡΑΦΗ--ΦΥΣΙΚΟ ΠΡΟΣΩΠΟ | |
| Personal name | Howley Edward T |
| 9 (RLIN) | 6178 |
| 942 ## - ADDED ENTRY ELEMENTS (KOHA) | |
| Koha item type | Books |
| Τύπος τεκμηρίου | Βιβλιοθήκη | Τρέχουσα τοποθεσία | Barcode | Αριθμός εισαγωγής | Ημερομηνία απόκτησης | Ταξιθετικό σύμβολο | Αριθμός αντιτύπου | Κατάσταση απόσυρσης | Κατάσταση χαμένου | Κατάσταση κατεστραμμένου | Μη δανεισμός | Σύνολο δανεισμών | Ημερομηνία τελευταίας εμφάνισης | Η τιμή ισχύει από |
|---|---|---|---|---|---|---|---|---|---|---|---|---|---|---|
| Books | MC Athens Campus Library | MC Athens Campus Library | 9780000053022 | 6406 | 05/06/2025 | 613.7/1 FRA | 1 | 05/06/2025 | 05/06/2025 |